| 000 | 00583nam a2200193 a 4500 | ||
|---|---|---|---|
| 005 | 20140310183529.0 | ||
| 008 | 110819s19uu xx 00 eng d | ||
| 020 | _a978142601843-5 | ||
| 050 |
_aHD 66 _b.C761 2009 |
||
| 100 | _aConlow, Rick. | ||
| 245 |
_aCreating a high performance team : _bGain the skills of today's successful leaders / _cRick Conlow; Doug Watsabaugh. |
||
| 260 |
_aUSA : _bAxzo Press, _c2009. |
||
| 300 |
_a99 p. : _c26 cm. |
||
| 521 | _aBSBA | ||
| 650 | _aTeams in the workplace | ||
| 700 | _aWatsabaugh, Doug | ||
| 942 |
_cBK _2lcc _kFOR |
||
| 999 |
_c24585 _d24585 |
||